| 000 | 004510000a22001810004500 | ||
|---|---|---|---|
| 003 | MACL | ||
| 005 | 20151017110819.0 | ||
| 008 | 151017b xxu||||| |||| 00| 0 eng d | ||
| 040 |
_aMACL _cMACL |
||
| 041 | _aEnglish | ||
| 082 | _a920/SET | ||
| 100 |
_aSethna, Khorshed Adi _915508 |
||
| 245 | _aMadame Bhikhaiji Rustom Cama | ||
| 260 |
_bPublication Division _c1987 _aNew Delhi |
||
| 350 | _a32 | ||
| 650 |
_aBiography _915509 |
||
| 942 |
_cBK _k920 _2ddc |
||
| 999 |
_c4316 _d4316 |
||